[Event "SVK-ch Blitz"]
[Site "Nitra"]
[Date "2022.10.29"]
[Round "5"]
[White "Meszarosova, Eva"]
[Black "Petran, Peter"]
[Result "1-0"]
[WhiteElo "1863"]
[BlackElo "2141"]
[PlyCount "68"]
[EventDate "2022.10.29"]
[EventType "swiss"]
[EventRounds "13"]
[EventCountry "SVK"]
[SourceTitle "EXT 2024"]
[Source "ChessBase"]
[SourceDate "2023.10.10"]
[SourceVersion "1"]
[SourceVersionDate "2023.10.10"]
[SourceQuality "1"]

1. e4 g6 2. d4 Bg7 3. Nc3 c6 4. Be3 b5 5. a3 d6 6. Nf3 Nd7 7. Bd3 a6 8. 0-0 e5 9. dxe5 dxe5 10. Qe2 Ngf6 11. h3 0-0 12. Rad1 Qc7 13. Nh2 Re8 14. f4 exf4 15. Bxf4 Ne5 16. Nf3 Nfd7 17. Bh2 Qb6+ 18. Kh1 Qc5 19. Qf2 Qxf2 20. Rxf2 a5 21. Ne2 Nxd3 22. cxd3 Bxb2 23. Bd6 Bg7 24. Ned4 Bb7 25. Rc1 Ne5 26. Nxe5 Bxe5 27. Bxe5 Rxe5 28. Nxc6 Ree8 29. Nd4 b4 30. Rc7 Bxe4 31. Rfxf7 Bxd3 32. Rg7+ Kh8 33. Rxh7+ Kg8 34. Rcg7+ Kf8 1-0

[Event "SVK-ch Blitz"]
[Site "Nitra"]
[Date "2022.10.29"]
[Round "4"]
[White "Pacher, Milan"]
[Black "Meszarosova, Eva"]
[Result "1-0"]
[WhiteElo "2334"]
[BlackElo "1863"]
[PlyCount "67"]
[EventDate "2022.10.29"]
[EventType "swiss"]
[EventRounds "13"]
[EventCountry "SVK"]
[SourceTitle "EXT 2024"]
[Source "ChessBase"]
[SourceDate "2023.10.10"]
[SourceVersion "1"]
[SourceVersionDate "2023.10.10"]
[SourceQuality "1"]

1. c4 c5 2. g3 g6 3. Bg2 Bg7 4. Nc3 d6 5. e3 Nc6 6. Nge2 Nf6 7. d4 0-0 8. 0-0 Re8 9. b3 a6 10. dxc5 dxc5 11. Bxc6 bxc6 12. Qxd8 Rxd8 13. Ba3 Nd7 14. Rad1 Bb7 15. Na4 Ne5 16. Nxc5 Rdb8 17. Nd4 h5 18. h3 g5 19. f4 gxf4 20. gxf4 Ng6 21. Nxb7 Rxb7 22. Nxc6 e5 23. f5 Nh4 24. e4 Kh8 25. Kf2 a5 26. Rg1 Bf6 27. Rd6 Bg7 28. Nxe5 a4 29. b4 Re8 30. f6 Bf8 31. Rd5 Bxb4 32. Bxb4 Rxb4 33. Nxf7+ Kh7 34. Rxh5# 1-0

[Event "Antwerp World Uni op (Women)"]
[Site "Antwerp"]
[Date "2022.09.16"]
[Round "8"]
[White "Meszarosova, Eva"]
[Black "Alboredo, Julia"]
[Result "0-1"]
[WhiteElo "1960"]
[BlackElo "2263"]
[PlyCount "50"]
[EventDate "2022.09.12"]
[EventType "swiss"]
[EventRounds "9"]
[EventCountry "BEL"]
[SourceTitle "CBM 210 Extra"]
[Source "ChessBase"]
[SourceDate "2022.11.30"]
[SourceVersion "1"]
[SourceVersionDate "2022.11.30"]
[SourceQuality "1"]

1. d4 Nf6 2. c4 g6 3. Nf3 Bg7 4. g3 0-0 5. Bg2 d6 6. 0-0 c6 7. b3 d5 8. Bb2 Bf5 9. Nc3 Ne4 10. Nh4 Nxc3 11. Bxc3 Be6 12. Qd3 Nd7 13. e4 dxc4 14. bxc4 Ne5 15. Qb1 Nxc4 16. Qxb7 Nd6 17. Qb2 Nb5 18. Rfd1 Rb8 19. Qd2 c5 20. Rac1 Nxc3 21. Qxc3 Bxd4 22. Qc2 Qa5 23. Rxd4 cxd4 24. Qd3 Rfc8 25. Rd1 Qc3 0-1

[Event "Antwerp World Uni blitz op (Women)"]
[Site "Antwerp"]
[Date "2022.09.14"]
[Round "7"]
[White "Nabacwa, Allen Kyolaba"]
[Black "Meszarosova, Eva"]
[Result "0-1"]
[WhiteElo "1516"]
[BlackElo "1857"]
[PlyCount "118"]
[EventDate "2022.09.14"]
[EventType "swiss (blitz)"]
[EventRounds "9"]
[EventCountry "BEL"]
[SourceTitle "CBM 210 Extra"]
[Source "ChessBase"]
[SourceDate "2022.11.30"]
[SourceVersion "1"]
[SourceVersionDate "2022.11.30"]
[SourceQuality "1"]

1. e4 c5 2. Nf3 d6 3. d3 Nc6 4. Nbd2 Nf6 5. g3 g6 6. Bg2 Bg7 7. 0-0 0-0 8. Re1 a6 9. h4 Bg4 10. Nf1 Rc8 11. c3 b5 12. N1h2 Bd7 13. Be3 Re8 14. Rc1 Qa5 15. a3 b4 16. cxb4 cxb4 17. axb4 Qxb4 18. Qd2 Qb5 19. Bf1 Qb7 20. Bg2 Rb8 21. Rb1 Qb3 22. Nd4 Nxd4 23. Bxd4 Bb5 24. Bf1 Rec8 25. Nf3 Rc2 26. Qe3 Ng4 27. Qf4 e5 28. Qxg4 exd4 29. Red1 Rxb2 30. Rxb2 Qxb2 31. Ng5 h6 32. Nh3 Qc2 33. Qf3 Bd7 34. Nf4 h5 35. Qe2 Qa4 36. f3 Qa3 37. Nd5 Rb2 38. Rd2 Rb1 39. Kg2 Qc1 40. Rc2 Qa3 41. Ne7+ Kh7 42. Nd5 Ba4 43. Rd2 Bh6 44. Ra2 Qb3 45. Nf4 Bb5 46. Rd2 a5 47. e5 Bxf4 48. gxf4 Qe6 49. Kg3 a4 50. Bh3 Qe7 51. exd6 Qxd6 52. Qe4 Bc6 53. Qe2 Rg1+ 54. Kf2 Ra1 55. Qe5 Qd8 56. Qg5 f6 57. Qc5 Qd5 58. Qe7+ Kh6 59. Bg2 Ra2 0-1

[Event "SVK-chT2D 2122"]
[Site "Slovakia"]
[Date "2022.03.27"]
[Round "9.2"]
[White "Meszarosova, Eva"]
[Black "Kardis, Benjamin"]
[Result "1/2-1/2"]
[WhiteElo "1960"]
[BlackElo "1992"]
[PlyCount "36"]
[EventDate "2021.10.16"]
[EventType "team-tourn"]
[EventRounds "11"]
[EventCountry "SVK"]
[SourceTitle "EXT 2023"]
[Source "ChessBase"]
[SourceDate "2022.10.05"]
[SourceVersion "1"]
[SourceVersionDate "2022.10.05"]
[SourceQuality "1"]
[WhiteTeam "Moldava nad Bodvou"]
[BlackTeam "Presov Tatran Dason"]
[WhiteTeamCountry "SVK"]
[BlackTeamCountry "SVK"]

1. e4 c6 2. d4 d5 3. Nc3 dxe4 4. Nxe4 Nf6 5. Ng3 h5 6. h4 Bg4 7. f3 Qd6 8. N1e2 Be6 9. c3 Na6 10. Bf4 Qd7 11. Nc1 Nd5 12. Bd2 Qc7 13. Kf2 Qb6 14. Bxa6 Qxa6 15. Re1 0-0-0 16. Nb3 Bd7 17. Nc5 Qb6 18. b4 f6 1/2-1/2

[Event "SVK-ch Amateurs"]
[Site "Topolcany"]
[Date "2021.08.06"]
[Round "2"]
[White "Mikula, Martin1111"]
[Black "Meszarosova, Eva"]
[Result "0-1"]
[WhiteElo "1633"]
[BlackElo "1972"]
[PlyCount "84"]
[EventDate "2021.08.06"]
[EventType "swiss"]
[EventRounds "7"]
[EventCountry "SVK"]
[SourceTitle "EXT 2022"]
[Source "ChessBase"]
[SourceDate "2021.10.06"]
[SourceVersion "1"]
[SourceVersionDate "2021.10.06"]
[SourceQuality "1"]

1. Nc3 c5 2. e4 Nc6 3. f4 g6 4. Bc4 e6 5. a4 Bg7 6. Nb5 d6 7. Nf3 a6 8. Na3 Nge7 9. c3 0-0 10. 0-0 d5 11. exd5 Nxd5 12. d3 h6 13. Qe2 Qd6 14. g3 Kh7 15. Qg2 b6 16. Bd2 Bb7 17. Qh3 Nce7 18. Rae1 Qc6 19. Ng5+ Kg8 20. Ne4 f5 21. Nf2 Rae8 22. Bb3 Nc8 23. Nc4 Rf7 24. Ne5 Bxe5 25. fxe5 Rh7 26. g4 h5 27. g5 Nc7 28. Rc1 Rd8 29. Be3 b5 30. axb5 axb5 31. Rfd1 Rhd7 32. d4 c4 33. Ba2 Nb6 34. Rc2 Na6 35. b3 Rc8 36. Rdc1 Kg7 37. b4 Rf8 38. Re2 Nd5 39. Bd2 Ndxb4 40. cxb4 Rxd4 41. Be3 Rh4 42. Qg3 f4 0-1

[Event "SVK-ch Amateur"]
[Site "Topolcany"]
[Date "2020.07.12"]
[Round "5"]
[White "Meszarosova, Eva"]
[Black "Skreno, Vladimir"]
[Result "1/2-1/2"]
[WhiteElo "1976"]
[BlackElo "2126"]
[PlyCount "87"]
[EventDate "2020.07.10"]
[EventType "swiss"]
[EventRounds "7"]
[EventCountry "SVK"]
[SourceTitle "EXT 2021"]
[Source "ChessBase"]
[SourceDate "2020.10.23"]
[SourceVersion "1"]
[SourceVersionDate "2020.10.23"]
[SourceQuality "1"]

1. e4 c5 2. Nf3 Nc6 3. d4 cxd4 4. Nxd4 Qc7 5. g3 Qe5 6. Be3 Qxe4 7. Qf3 Qxf3 8. Nxf3 e6 9. c3 Nf6 10. Bg2 d5 11. h3 Be7 12. Nbd2 0-0 13. 0-0 b6 14. Nd4 Nxd4 15. Bxd4 Ba6 16. Rfe1 Rad8 17. Kh2 Rfe8 18. f4 g6 19. a4 Nd7 20. a5 Bb5 21. axb6 axb6 22. Ra7 Bc5 23. Nb3 Bc4 24. Nxc5 Nxc5 25. b4 Nd3 26. Rea1 b5 27. Bf6 Rc8 28. Bf1 h6 29. Rb7 Ra8 30. Raa7 Rxa7 31. Rxa7 Rc8 32. Be2 Kf8 33. Bxd3 Bxd3 34. Kg1 g5 35. fxg5 hxg5 36. Kf2 Kg8 37. Be5 Rf8 38. Bd6 Rd8 39. Be5 Rc8 40. h4 gxh4 41. gxh4 Rf8 42. Bd6 Rd8 43. Be5 Rf8 44. Bd6 1/2-1/2

[Event "SVK-chT2B 1920"]
[Site "Slovakia"]
[Date "2020.03.08"]
[Round "11.4"]
[White "Lancz, Ondrej"]
[Black "Meszarosova, Eva"]
[Result "1-0"]
[WhiteElo "2022"]
[BlackElo "1975"]
[PlyCount "81"]
[EventDate "2019.10.26"]
[EventType "team-tourn"]
[EventRounds "11"]
[EventCountry "SVK"]
[SourceTitle "CBM 195 Extra"]
[Source "ChessBase"]
[SourceDate "2020.05.31"]
[SourceVersion "1"]
[SourceVersionDate "2020.05.31"]
[SourceQuality "1"]
[WhiteTeam "Sala Slovan Duslo"]
[BlackTeam "Nove Zamky"]
[WhiteTeamCountry "SVK"]
[BlackTeamCountry "SVK"]

1. d4 Nf6 2. c4 g6 3. Nc3 Bg7 4. e4 d6 5. Nf3 0-0 6. Be2 c6 7. 0-0 Nbd7 8. h3 e5 9. Be3 Qe7 10. d5 c5 11. Ne1 Ne8 12. Qd2 f5 13. exf5 gxf5 14. f4 e4 15. Nc2 Ndf6 16. Rae1 Kh8 17. Kh1 Rg8 18. Qd1 Bh6 19. Bg1 Qg7 20. Ne3 Qg3 21. Bh5 Bxf4 22. Ne2 Nxh5 23. Nxf4 Nxf4 24. Bh2 Qg6 25. Rxf4 Ng7 26. g4 fxg4 27. hxg4 Bd7 28. Ref1 Qg5 29. Qe2 Rad8 30. Rxe4 Qg6 31. Ref4 Qg5 32. Qf2 b5 33. b3 Qe7 34. Rf7 Qe4+ 35. Ng2 Qxg4 36. Bxd6 h5 37. Bxc5 Nf5 38. Qb2+ Rg7 39. R1xf5 Bxf5 40. Rxg7 Qh3+ 41. Kg1 1-0

[Event "SVK-chT2B 1920"]
[Site "Slovakia"]
[Date "2020.03.07"]
[Round "10.5"]
[White "Koloditsova, Renata"]
[Black "Meszarosova, Eva"]
[Result "0-1"]
[WhiteElo "1959"]
[BlackElo "1975"]
[PlyCount "56"]
[EventDate "2019.10.26"]
[EventType "team-tourn"]
[EventRounds "11"]
[EventCountry "SVK"]
[SourceTitle "CBM 195 Extra"]
[Source "ChessBase"]
[SourceDate "2020.05.31"]
[SourceVersion "1"]
[SourceVersionDate "2020.05.31"]
[SourceQuality "1"]
[WhiteTeam "Surany"]
[BlackTeam "Nove Zamky"]
[WhiteTeamCountry "SVK"]
[BlackTeamCountry "SVK"]

1. d4 Nf6 2. c4 g6 3. Nc3 Bg7 4. e4 d6 5. Be2 0-0 6. Bg5 c6 7. Qd2 Nbd7 8. f3 a6 9. a4 Qa5 10. Rc1 e5 11. d5 Nc5 12. Rb1 Qb4 13. dxc6 Nb3 14. Qd1 bxc6 15. Be3 Be6 16. Kf2 Rfd8 17. Qf1 Nd4 18. Bd3 d5 19. cxd5 cxd5 20. Bd2 Nb3 21. Bg5 dxe4 22. Bxe4 Nd2 23. Bxd2 Rxd2+ 24. Nge2 Rad8 25. Qc1 Bh6 26. Kf1 Bc4 27. Bc2 Be3 28. b3 Qxc3 0-1

[Event "EU-ch U16 Girls 24th"]
[Site "Batumi"]
[Date "2014.10.26"]
[Round "7"]
[White "Meszarosova, Eva"]
[Black "Wozniak, Mariola"]
[Result "0-1"]
[WhiteElo "1878"]
[BlackElo "1992"]
[PlyCount "46"]
[EventDate "2014.10.19"]
[EventType "swiss"]
[EventRounds "9"]
[EventCountry "GEO"]
[SourceTitle "EXT 2015"]
[Source "ChessBase"]
[SourceDate "2014.11.20"]
[SourceVersion "1"]
[SourceVersionDate "2014.11.20"]
[SourceQuality "1"]

1. e4 c5 2. Nf3 d6 3. d4 cxd4 4. Nxd4 Nf6 5. Nc3 Nc6 6. f3 e5 7. Nb3 Be7 8. Be3 0-0 9. Qd2 a5 10. a4 Nb4 11. 0-0-0 Be6 12. Kb1 d5 13. exd5 Nfxd5 14. Bc4 Nxc3+ 15. Qxc3 Qc8 16. Bb5 Qb8 17. Qd2 Qc8 18. Bd3 b5 19. axb5 a4 20. Nc1 a3 21. b3 a2+ 22. Ka1 Nd5 23. Qf2 Nxe3 0-1

[Event "EU-ch U16 Girls 24th"]
[Site "Batumi"]
[Date "2014.10.22"]
[Round "4"]
[White "Agun, Lutfiye Selva"]
[Black "Meszarosova, Eva"]
[Result "1-0"]
[WhiteElo "1516"]
[BlackElo "1878"]
[PlyCount "69"]
[EventDate "2014.10.19"]
[EventType "swiss"]
[EventRounds "9"]
[EventCountry "GEO"]
[SourceTitle "EXT 2015"]
[Source "ChessBase"]
[SourceDate "2014.11.20"]
[SourceVersion "1"]
[SourceVersionDate "2014.11.20"]
[SourceQuality "1"]

1. d4 Nf6 2. Nf3 e6 3. e3 b6 4. Bd3 Bb7 5. Nbd2 d6 6. 0-0 Be7 7. b3 0-0 8. Bb2 Nbd7 9. c4 c5 10. Qe2 Qc7 11. Rac1 Rac8 12. Ng5 h6 13. f4 hxg5 14. fxg5 Nh7 15. Bxh7+ Kxh7 16. Qh5+ Kg8 17. Rf4 Bxg5 18. Qxg5 Qd8 19. Qg3 Nf6 20. Rh4 Re8 21. Rf1 cxd4 22. exd4 e5 23. dxe5 dxe5 24. Bxe5 Qxd2 25. Bxf6 Qe3+ 26. Qxe3 Rxe3 27. Rg4 Kf8 28. Rxg7 Re2 29. Be5 Rc7 30. Rg5 Rd7 31. Bc3 Rxa2 32. Re1 f5 33. Rxf5+ Rf7 34. Bb4+ Kg7 35. Rxf7+ 1-0